000
00299nam a22001217a 4500
008
180514b xxu||||| |||| 00| 0 eng d
041
_a
eng
080
_a
043.3
100
_a
0
101
_a
SHKI-BTH
245
_a
Ueb sherbimet, krahasimi ne mes ASP.NET dhe J2EE
_c
Prebreza,B
942
_2
udc
_c
BK
999
_c
45738
_d
45738